00539pam a2200157 a 4500020002000000041000500020082001800025100002600043245007100069260001900140300000900159653001400168930000900182999001500191952017500206 a9780323041775c h a616.0757bWEI aWeissman Barbara N. . aImaging of Arthritis and Metabolic Bone DiseasehTextual Documents bSaundersc2009 a749. aRadiology a8528 c8524d8524 001040708ReferenceaMCPbMCPd2009-12-15eBharati Madhyavarti Sahakari Grahak Bhandar Ltd.g8788.90l0o616.0757 WEIpMCP-13125r2023-02-06 00:00:00t1w2023-02-06yBK